Czy te śmieszne miejscowości znajdują się w Polsce - Nagła Śmierć - Statystyki

Ogólne statystyki
  • Ten quiz został rozwiązany 81 razy
  • Średni wynik to 7 z 30
Answers on the Grid
Answers color-coded by a green-red scale on the quiz's grid according to % correct below.
Dupna Wola
Biała Suka
Cyców
Złe Mięso
Stary Bógpomóż
Koniec Świata
Grabarze
Sucha Psina
Grzeczna Panna
Miesiączkowo
Stolec
Białykał
Krowie Łąki
Samoklęski Duże
Brzyskorzystewko
Gnojnica
Zimna Wódka
Moszna
Potworów
Ameryka
Nowe Rumunki
Biały Grunt
Wlewo
Browarek
Tumidaj
Dolne Wymiary
Kłopoty-Stanisławy
Nowe Laski
Małe Czyste
Otoruda
Boża Pomoc
Wilcze Gardło
Pęknięte Siodło
Nienachlany
Kocimordy
Zgrzytów
Ślimakowice Dolne
Kichawka Wielka
Lepichowo
Zawierucha Dolna
Stumilowy Las
Jąkała
Smarkowice
Pierdziszewo
Sernikowo
Ciamajdów
Krzywopyskowo
Pęknięta Rura
 
Statystyki odpowiedzi
Odpowiedź % Poprawnych
Cyców
64%
Stolec
52%
Moszna
48%
Tumidaj
45%
Ameryka
42%
Zimna Wódka
42%
Złe Mięso
42%
Koniec Świata
36%
Nowe Laski
30%
Sucha Psina
30%
Białykał
21%
Grzeczna Panna
21%
Kłopoty-Stanisławy
21%
Nowe Rumunki
21%
Dolne Wymiary
18%
Potworów
18%
Wilcze Gardło
18%
Wlewo
18%
Browarek
15%
Małe Czyste
15%
Miesiączkowo
15%
Brzyskorzystewko
12%
Gnojnica
12%
Samoklęski Duże
12%
Biały Grunt
9%
Grabarze
9%
Krowie Łąki
9%
Boża Pomoc
6%
Stary Bógpomóż
6%
Otoruda
3%
Nie znaleziono quizów pasujących do podanych kryteriów
Rozkład punktacji
Procent ludzi z każdym wynikiem
Percentyl według liczby udzielonych odpowiedzi
Twoja historia wyników
Nie rozwiązałeś tego quizu